Works count too: (Record no. 13026)

000 -LEADER
fixed length control field 00620nam a2200181 a 4500
001 - CONTROL NUMBER
control field :::00010844$&:&@@
003 - CONTROL NUMBER IDENTIFIER
control field OkBaRHE
005 - DATE AND TIME OF LATEST TRANSACTION
control field 20000607103403.0
008 - FIXED-LENGTH DATA ELEMENTS--GENERAL INFORMATION
fixed length control field s1966 j 000 0 eng u
040 ## - CATALOGING SOURCE
Transcribing agency
100 1# - MAIN ENTRY--PERSONAL NAME
Personal name Pickell, Charles N., 1927-
245 10 - TITLE STATEMENT
Title Works count too:
Remainder of title faith in action in the life of the Christian.
260 ## - PUBLICATION, DISTRIBUTION, ETC. (IMPRINT)
Place of publication, distribution, etc Grand Rapids, MI., :
Name of publisher, distributor, etc Zondervan Publishing House
Date of publication, distribution, etc c1966
300 ## - PHYSICAL DESCRIPTION
Extent 120 p. ;
Dimensions 21 cm.
650 ## - SUBJECT ADDED ENTRY--TOPICAL TERM
Topical term or geographic name as entry element Christian Life
General subdivision Presbyterian Authors
942 ## - ADDED ENTRY ELEMENTS (KOHA)
Source of classification or shelving scheme
Koha item type Books
Copies
Copy number Barcode Not for loan Full call number Date acquired Lost status Damaged status Shelving location Source of classification or shelving scheme Withdrawn status Price effective from Koha item type Date last seen Permanent Location
110844 BV 4501.2 .P542010-04-14  General Stacks  2010-04-14Books2010-04-14RHEMA Bible Training College